MARC details
| 000 -LÍDER |
| campo de controle de tamanho fixo |
02719nam a22003017a 4500 |
| 001 - NÚMERO DE CONTROLE |
| campo de controle |
267 |
| 003 - IDENTIFICADOR DO NÚMERO DE CONTROLE |
| campo de controle |
OSt |
| 005 - DATA E HORÁRIO DA ÚLTIMA TRANSAÇÃO |
| campo de controle |
20250528074016.0 |
| 008 - CAMPO DE DADOS FIXOS--INFORMAÇÃO GERAL |
| campo de controle de tamanho fixo |
250313b |||||||j |||| 00| f eng d |
| 020 ## - ISBN - INTERNATIONAL STANDARD BOOK NUMBER |
| ISBN - International Standard Book Number |
9786555981865 |
| 040 ## - FONTE DA CATALOGAÇÃO |
| Idioma da catalogação |
por |
| Instituição que transcreveu o registro |
eng |
| 041 ## - CÓDIGO DE IDIOMA |
| Código do idioma do texto/trilha sonora ou título diferente |
por |
| Código do idioma do original e/ou traduções intermediárias do texto |
eng |
| 082 ## - CDD - CLASSIFICAÇÃO DECIMAL DE DEWEY |
| Número de Classificação |
813 |
| Número do exemplar |
B199g |
| 100 ## - ENTRADA PRINCIPAL--NOME PESSOAL |
| Nome pessoal |
Bambara, Toni Cade |
| Datas associadas ao nome |
1939-1995 |
| 9 (RLIN) |
500 |
| 240 ## - TÍTULO UNIFORME |
| Título uniforme |
Gorilla, My Love |
| 245 ## - TÍTULO |
| Título |
Gorila |
| Restante do título |
Meu amor / |
| Indicação de responsabilidade, etc. |
Bambara, Toni Cade ; tradução Nina Rizzi |
| 260 ## - PUBLICAÇÃO, DISTRIBUIÇÃO, ETC. |
| Local de publicação, distribuição, etc. |
Rio de Janeiro |
| Nome do editor, distribuidor, etc. |
DarkSide |
| Data da publicação, distribuição, etc. |
2022 |
| 300 ## - DESCRIÇÃO FÍSICA |
| Extensão |
187 p. |
| 520 ## - NOTA DE RESUMO, ETC. |
| Resumo, etc. |
Uma mãe acuada pelos filhos em uma festa. A garota mais veloz do bairro se preparando para uma corrida. Uma aniversariante solitária perambulando pelo bairro sem que ninguém a parabenize. E uma menina indignada no cinema, pois entrou para assistir a um filme chamado Gorila, Meu Amor, mas os adultos mais uma vez faltaram com a palavra e exibiram um filme bem diferente...<br/><br/>Essas são apenas algumas cenas inesquecíveis de Gorila, Meu Amor, antologia de quinze contos que marca a estreia da romancista Toni Cade Bambara na marca DarkLove, que celebra as autoras mais inovadoras e audazes da literatura mundial.<br/><br/>Publicado originalmente em 1972, em meio às transformações sociais, políticas e culturais que marcaram as décadas de 1960 e 1970 nos Estados Unidos, Gorila, Meu Amor nos convida a uma poderosa experiência de leitura. Um dos nomes mais consagrados e influentes do Black Arts Movement, Bambara nos transporta para o coração de vivências negras singulares, esmiuçando com audácia, sensibilidade e ironia os contrastes brutais de uma sociedade em colapso.<br/><br/>Homens e mulheres, adultos e crianças, ricos e pobres. Intercalando entre a vida metropolitana em Nova York e o cotidiano rural na Carolina do Norte – em que os próprios lugares são personagens marcantes das histórias –, o livro consolidou Bambara como uma autora excepcional, cuja narrativa lírica e divertida, marcada por forte oralidade, captura recortes de vidas incompreendidas e invisibilizadas e explora o que realmente significa ser mulher.<br/><br/>Com protagonistas afiadas e corajosas, a autora dá voz à potência do feminismo negro e nos desafia a encarar as contradições de uma nação presunçosa, intolerante e perdida em suas próprias promessas.<br/><br/>Visceral, autêntico e poderoso, Gorila, Meu Amor é uma reflexão sobre as mentiras que nos contam, as verdades que nos escondem e a coragem para acreditarmos em quem realmente somos. |
| 650 #0 - ASSUNTO--TERMO TÓPICO |
| Cabeçalho tópico ou nome geográfico |
Literatura Americana |
| 9 (RLIN) |
84 |
| 650 #0 - ASSUNTO--TERMO TÓPICO |
| Cabeçalho tópico ou nome geográfico |
Suspense |
| 9 (RLIN) |
10 |
| 650 #0 - ASSUNTO--TERMO TÓPICO |
| Cabeçalho tópico ou nome geográfico |
Amor-próprio |
| 9 (RLIN) |
499 |
| 650 #0 - ASSUNTO--TERMO TÓPICO |
| Cabeçalho tópico ou nome geográfico |
Aventura |
| 9 (RLIN) |
47 |
| 655 #0 - TERMO DE ÍNDICE--GÊNERO E FORMA |
| Gênero/forma/ou termo foco |
Romance |
| 9 (RLIN) |
23 |
| 655 #0 - TERMO DE ÍNDICE--GÊNERO E FORMA |
| Gênero/forma/ou termo foco |
Ficção |
| 9 (RLIN) |
22 |
| 700 ## - ENTRADA ADICIONADA - NOME PESSOAL |
| Nome pessoal |
Nina Rizzi |
| Função do autor por extenso |
TRADUTORA |
| 9 (RLIN) |
501 |
| 942 ## - ELEMENTOS DE ENTRADA ADICIONADOS (KOHA) |
| Fonte de classificação ou esquema de arquivamento |
Classificação decimal de Dewey |
| Tipo de material Koha |
Livros |
| Ocultar no OPAC |
Não |